Normale Ansicht MARC-Ansicht ISBD

The economic history of Eastern Europe 1919-1975 (Titelsatznr. 45484)

[ MARC ]
MARC-Details
000 -Satzkennung
Kontrollfeld mit fester Länge 00637nac a22002531ca4500
001 - Kontrollnummer
Kontrollfeld a987680631
008 - Feld mit fester Länge zur physischen Beschreibung - Allgemeine Angaben
Kontrollfeld mit fester Länge 170707s1985 gw |||| 000u eng d
041 ## - Sprachcode
Sprachcode des Textes/der Tonspur oder des separaten Titels eng
040 ## - Katalogisierungsquelle
Übertragungsstelle RU-10907106
003 - Kontrollnummer Identifier
Kontrollfeld RU-10907106
245 04 - Titel
Titel The economic history of Eastern Europe 1919-1975
264 ## - Produktion, Veröffentlichung, Distribution, Herstellung und Urheberrechtsvermerk
Herstellungs-, Veröffentlichungs- Vertriebs-, Erzeugungsort Oxford :
Produzent, Herausgeber, Distributor, Hersteller Clarendon Press,
Datum der Herstellung, der Veröffentlichung, des Vertriebs oder des Urheberschutzvermerks 1985
300 ## - Physische Beschreibung
Umfang 3 Bände
650 #0 - Nebeneintragung unter einem Schlagwort - Sachschlagwort
Sachschlagwort oder geografischer Name als Eintragungselement Wirtschaft
650 #0 - Nebeneintragung unter einem Schlagwort - Sachschlagwort
Sachschlagwort oder geografischer Name als Eintragungselement Wissenschaft
650 #0 - Nebeneintragung unter einem Schlagwort - Sachschlagwort
Sachschlagwort oder geografischer Name als Eintragungselement Ostblock
651 #0 - Nebeneintragung unter einem Schlagwort - Geografischer Name
Geografischer Name Osteuropa
651 #0 - Nebeneintragung unter einem Schlagwort - Geografischer Name
Geografischer Name Ostmitteleuropa
651 #0 - Nebeneintragung unter einem Schlagwort - Geografischer Name
Geografischer Name Südosteuropa
700 1# - Nebeneintragung - Personenname
Personenname Kaser, M. C.
Funktionsbezeichnung HerausgeberIn
700 1# - Nebeneintragung - Personenname
Personenname Ridice, E.A.
Funktionsbezeichnung HerausgeberIn
942 ## - Zusätzliche Felder (Koha)
Koha-Medientyp Monographien
Exemplare
Ausgeschieden Verloren Beschädigt Nicht entleihbar Heimatbibliothek Aufenthaltsbibliothek Aufstellungsort Erwerbungsdatum Inventarnummer Signatur Barcode Letzte Aktivität Preis gültig von Koha-Medientyp
        MWN Osteuropa MWN Osteuropa Lesesaal - 1 07/07/2017 17-03138 W 60 F q Kas 1 (Bde.) 45494 22/02/2021 22/03/2021 Monographien